000 00636cam a22002293a 4500
001 12482
003 PGUSA
005 20140828083252.0
008 040601s2004||||xxu|||||s|||||000 1 eng d
040 _aPGUSA
_beng
042 _adc
050 4 _aPS
100 1 _aAllen, James Lane,
_d1849-1925
245 1 4 _aThe Mettle of the Pasture
_h[electronic resource] /
_cJames Lane Allen
260 _bProject Gutenberg,
_c2004
506 _aPublic domain in the USA.
516 _aElectronic text
653 _aKentucky -- Fiction
830 0 _aProject Gutenberg
_v12482
856 4 0 _uhttp://www.gutenberg.org/ebooks/12482
942 _cEB
999 _c241737
_d241737